| 000 | 01083nam a2200301 i 4500 | ||
|---|---|---|---|
| 003 | DO-SdBNP | ||
| 005 | 20240215130239.0 | ||
| 007 | ta | ||
| 008 | 240215s1995 dr 000 p spa d | ||
| 040 |
_aDO-SdBNP _bspa _cBNPHU _erda |
||
| 082 |
_bP438L _222 |
||
| 100 |
_aPérez, César _eautor _953966 |
||
| 245 | 1 | 0 |
_aLos orígenes de las alianzas entre PLD y el PRSC / _cCésar Pérez |
| 264 | 1 |
_aSanto Domingo : _bBúho, _c1995. |
|
| 300 |
_a41 páginas, _c22 cm. |
||
| 336 |
_2rdacontent _atexto _btxt |
||
| 337 |
_2rdamedia _asin mediación _bn |
||
| 338 |
_2rdacarrier _avolumen _bnc |
||
| 505 | _aLos bloques de clases y la transición democrática en la República Dominicana 17|El nuevo bloque y los cambios en el pensamiento de Bosh 19|De la coincidencia ideológica a la coincidencia política 26|La apuesta del PLD y el intento de crear otro bloque conservador 37 | ||
| 590 | _aInventariado, 2024/ DG | ||
| 700 | _984905 | ||
| 700 | _984906 | ||
| 700 | 1 |
_aCordero Hache, Gloria _984907 |
|
| 700 | _984908 | ||
| 700 | _984909 | ||
| 910 | _aDG | ||
| 942 |
_2ddc _cLF2 |
||
| 999 |
_c55956 _d55956 |
||